000 00745nam a2200253 4500
001 6005
010 _a9720714719
021 _b224433/05
090 _a6005
100 _a20211231e2004 b||y0pory5003 ba
200 1 _aA Ilha do Tesouro
_fBrian Robertson
_gil. Melanie Herbert, Chris King
210 9 _aPorto
_cPorto Editora
_d2005
215 _a[12] p.
_cil.
225 2 _aMaxi brilhos
304 _aTít. orig.: Sparkly treasure island
606 _914
_aLiteratura infantil
606 _913
_aLiteratura Estrangeira
675 _a82-93 / 821.1/.8
_vBN
_zpor
700 _aRobertson
_bBrian
_95685
702 _aKing
_bChris
_f1972-
_95686
702 _aHerbert
_bMelanie
_95687
801 0 _aPT
_bBMVN
_gRPC
830 _cInês Silva
_d31/12/2021
990 _cLIVROS